Cultural resources investigations, National Museum of the Pacific War, lot 84, Fredericksburg, Gillespie County, Texas /

Bibliographic Details
Main Author: Rogers, Robert (Robert M.)
Corporate Authors: Texas Antiquities Committee, Texas Historical Commission, PBS&J, Inc
Format: Book
Language:English
Published: Austin, Tex. : PBS&J, [2008]
Subjects:

MARC

Tag First Indicator Second Indicator Subfields
LEADER 00000cam a2200000Ia 4500
001 in00002425366
005 20151109141545.0
008 081010s2008 txuab b s000 0 eng d
035 |a (OCoLC)ocn261430745 
035 |a (OCoLC)261430745 
040 |a ILU  |c ILU  |d ILU  |d TXA  |d UtOrBLW 
043 |a n-us-tx 
049 |a TXAM 
050 4 |a F392.G5  |b R64456 2008 
100 1 |a Rogers, Robert  |q (Robert M.) 
245 1 0 |a Cultural resources investigations, National Museum of the Pacific War, lot 84, Fredericksburg, Gillespie County, Texas /  |c prepared for Texas Historical Commission, Austin, Texas ; prepared by PBS&J ; principal investigator and report author, Robert Rogers. 
264 1 |a Austin, Tex. :  |b PBS&J,  |c [2008] 
300 |a iii, 5 leaves :  |b color illustrations, map ;  |c 28 cm. 
336 |a text  |b txt  |2 rdacontent 
337 |a unmediated  |b n  |2 rdamedia 
338 |a volume  |b nc  |2 rdacarrier 
500 |a "Texas Antiquities [Committee] permit number 4958." 
500 |a "Prepared for: Texas Historical Commission, Austin, Texas." 
500 |a "August 2008." 
500 |a "Document number 080142 ; PBS&J job number 100002981." 
504 |a Includes bibliographical references (leaf 5). 
650 0 |a Archaeological surveying  |z Texas  |z Gillespie County. 
651 0 |a Gillespie County (Tex.)  |x Antiquities. 
710 2 |a Texas Antiquities Committee. 
710 2 |a Texas Historical Commission. 
710 2 |a PBS&J, Inc. 
948 |a cataloged  |b h  |c 2008/10/14  |d c  |e tchubaryan  |f 4:31:29 pm 
994 |a C0  |b TXA 
999 |a MARS 
999 f f |s 9b01538a-d8ad-374e-996a-1e3216d3e227  |i 23d2fbb6-fd1b-3418-8511-03ff89c62056  |t 0 
952 f f |p ric  |a Texas A&M University  |b Rellis Campus  |c Joint Library Facility  |d Remote Storage  |t 0  |e F392.G5 R64456 2008  |h Library of Congress classification  |i unmediated -- volume  |m A14837359306 
998 f f |a F392.G5 R64456 2008  |t 0  |l Remote Storage